Tentations : their nature, danger, cure /

Bibliographic Details
Main Author: Capel, Richard, 1586-1656
Format: Microform Book
Language:English
Edition:The sixth edition :
Series:Early English books, 1641-1700 ; 1546:12.
Subjects:

MARC

Tag First Indicator Second Indicator Subfields
LEADER 00000cam a2200000 a 4500
001 in00000880413
005 20150923133348.0
007 hd afa013baca
007 hd bfa013baaa
008 860211s1658 miu a 00110 eng d
035 |a (OCoLC)13136319 
035 |9 AEL2362AM 
037 |a CL0037000055  |b University Microfilms International 
037 |b University Microfilms International, 300 N. Zeeb Rd., Ann Arbor, MI 48106 
040 |a EAG  |c EAG  |d UMI  |d m/c  |d UtOrBLW 
049 |a TXAI 
090 |a BT725  |b .C36 1658 
099 |a film   |a  B   |a  3609 
100 1 |a Capel, Richard,  |d 1586-1656. 
245 1 0 |a Tentations :  |b their nature, danger, cure /  |c by Richard Capel ... 
250 |a The sixth edition :  |b the fourth part of the work left enlarged by the author and now there is added his remains to the work of tentations, to which thou hast prefixed an abridgement of the authors life / by Valentine Marshall ... 
264 3 |a London :  |b Printed by Tho. Ratcliffe for John Bartlet ...,  |c 1658. 
300 |a 26 unnumbered pages, 387 pages, 14 unnumbered pages, 298 pages, 48 unnumbered pages, 118 pages 
336 |a text  |b txt  |2 rdacontent 
337 |a microform  |b h  |2 rdamedia 
338 |a microfilm reel  |b hd  |2 rdacarrier 
500 |a Includes index. 
500 |a In four parts. Pts. 3 and 4 have special title page Pt. 4 has separate paging. 
500 |a "Capel's remains" has special title page and separate paging. 
500 |a Reproduction of original in the British Library. 
510 4 |a Wing  |c C474 
533 |a Microfilm.  |b Ann Arbor, Mich. :  |c University Microfilms International,  |d 1984.  |e 1 microfilm reel ; 35 mm.  |f (Early English books, 1641-1700 : 1546:12) 
500 |a Microform. 
650 0 |a Temptation. 
650 0 |a Interest. 
650 0 |a Sin. 
650 0 |a Usury. 
730 0 2 |a Capel's remains. 
830 0 |a Early English books, 1641-1700 ;  |v 1546:12. 
999 |a MARS 
999 f f |s 05a739ba-3656-355e-b288-b595e12c6ee2  |i 16a6700e-773f-37e3-9c2f-b8bcfdcd3a8d  |t 0 
952 f f |p default  |a Texas A&M University  |b College Station  |c Sterling C. Evans Library  |d Evans: Microforms (3rd floor)  |t 0  |e film B 3609 1546:12  |h Other scheme  |i microform -- microfilm reel 
998 f f |a film B 3609 1546:12  |t 0  |l Evans: Microforms (3rd floor)